00461 2200181 4500001002100000005001500021035002000036008004100056245006300097100002000160250000600180260003400186300001100220084001400231082000800245650001400253990001200267INLIS00000000000024020240502023327 a0010-0424000216240502 0 ind 1 aPerkembangbiakan Vegetatif Pada Tumbuhan /cArinto Nugroho aNugroho, Arinto a1 aSolo :bTiga Serangkai,c2011 a76 hlm a580 ARI p a580 4aNon Fiksi a0732414